| 000 | 00729nam0a22002291 4500 | ||
|---|---|---|---|
| 001 | rc\2750553 | ||
| 005 | 20250529144707.0 | ||
| 035 | _a(NLR Aleph) 006877464 | ||
| 090 |
_a7011936 _c7011936 |
||
| 100 | _a20110915d1939 |||y0rusy50 ca | ||
| 101 | 0 | _arus | |
| 102 | _aRU | ||
| 105 | _aa z ||||| | ||
| 200 | 1 |
_aМаскировка ВВС _eУчеб. пособие для училищ и частей ВВС РККА _fВоенинж. 2 ранга Е. З. Ясин |
|
| 210 |
_aМосква _cВоениздат _d1939 |
||
| 215 |
_a208 с. _cил., черт., схем. _d23 см. |
||
| 700 | 1 |
_aЯсин _bЕ.З. |
|
| 801 | 0 |
_aRU _bNLR _gpsbo |
|
| 801 | 1 |
_aRU _bELAR _2rusmarc |
|
| 852 |
_aNLR _j39-4/1012 |
||
| 942 | _cBOOK | ||
| 980 | _aNB | ||